Normal view
MARC view
- Buk̲h̲ārī, Amjad.
Entry Personal Name
001 - CONTROL NUMBER
- control field: 3853
003 - CONTROL NUMBER IDENTIFIER
- control field: NUST
005 - DATE AND TIME OF LATEST TRANSACTION
- control field: 20170809103528.0
008 - FIXED-LENGTH DATA ELEMENTS
- fixed length control field: 170809|| aca||aabn | a|a d
040 ## - CATALOGING SOURCE
- Original cataloging agency: NUST
- Transcribing agency: NUST
100 ## - HEADING--PERSONAL NAME
- Personal name: Buk̲h̲ārī, Amjad.
670 ## - SOURCE DATA FOUND
- Source citation: Work cat.: (NUST)0: 880-01 Buk̲h̲ārī, Amjad., Maʻarakah-i 1857 aur Janūbī Panjāb /
